1035 1269 1871 1674 1226 1032 1717 1888 1562 1901 1433 1989 1047 1015 1777 1140 1197 1021 1795 1326 1402 1379 1488 1032 1075 1193 1666 1183 1814 1632 1707 1402 1181 1973 1119 1997 1657 1639 1643 1193 1605 1227 1568 1984 1610 1974 1388 1221 1800 1546 1492 1440 1919 1293 1750 1280 1873 1625 1919 1824 1223 1846 1172 1181 1260 1891 1270 1901 1410 1750 1680 1515 1538 1995 1748 1986 1615 1583 1898 1760 1493 1911 1982 1952 1005 1552 1731 1238 1206 1725 1050 1925 1540 1453 1273 1597 1863 1528 1319 BCNSPRNW ULIB Ver.6.0+V

เปลี่ยนเป็นภาษาไทย

Change to English
 แสดงรายละเอียดบรรณานุกรม
  กลับหน้าหลัก

Brief Record : Get Marc (ISO 2709) : E-mail record : QR code < ปิดหน้าต่าง
LEADER : 00000nam 2200000uu 4500
001    13399112579
003     ULIB
008    110228s2543||||th 000 0 tha d
020    97480595
060 04 WY154^bภ431ว ล.2 2543
245 10 ภาวะวิกฤตในหออภิบาล การบำบัดรักษาพยาบาล 2/^cบรรณาธิการจงจิตต์ คณากูล, ปรีดาภรณ์ สีปากดี, ประชิด ศราธพันธุ์
250    พิมพ์ครั้งที่ 1
260    กรุงเทพฯ :^bฝ่ายการพยาบาล โรงพยาบาลศิริราช,^c2543
300    369 หน้า :^cภาพประกอบ ;^c26 ซม.
504    บรรณานุกรม
650  2 Critical Care Nursing
650  2 Intensive Care
650  7 การพยาบาลผู้ป่วยวิกฤต
650  7 การพยาบาลผู้ป่วยหนัก
650  7 การพยาบาล
650  7 ผู้ป่วยหนัก, การดูแล
650  7 ภาวะฉุกเฉิน^xการพยาบาล
700 0  จงจิตต์ คณากูล,^eบรรณาธิการ
700 0  ปรีดาภรณ์ สีปากดี,^eบรรณาธิการ
700 0  ประชิด ศราธพันธุ์,^eบรรณาธิการ
710 2  มหาวิทยาลัยมหิดล. ^bคณะแพทยศาสตร์ศิริราชพยาบาล.^bฝ่ายการพยาบาล
945    ^p0^l0^i015654
945    ^p0^l0^i015655
945    ^p0^l0^i015656
945    ^p0^l0^i016299
995    ทศพร
999 ^a ใช้งานได้ทุกระบบ
รายการนี้ยังไม่มีแท็ก
คุณยังไม่ได้ล็อกอิน คุณสามารถมีกิจกรรมร่วมกับเว็บไซต์ได้ แต่ต้องล็อกอินก่อน ::
  ล็อกอิน

รายการสื่อสารสนเทศ

ลำดับที่ ประเภท เลขเรียก/บาร์โค้ด สถานที่ สถานะ
- ไม่พบข้อมูล -

รายการใกล้เคียง
    หัวเรื่อง [Critical Care Nursing]
    หัวเรื่อง [Intensive Care]
    หัวเรื่อง [การพยาบาลผู้ป่วยวิกฤต]
    หัวเรื่อง [การพยาบาลผู้ป่วยหนัก]
    หัวเรื่อง [การพยาบาล]
    หัวเรื่อง [ผู้ป่วยหนัก, การดูแล]

BibComment


ยังไม่เคยถูกคอมเมนท์

คอมเมนท์ทรัพยากรรายการนี้
  คอมเมนท์: ภาวะวิกฤตในหออภิบ..


 Copyright 2026. Bcnsprnw @Library